| 000 | 01123nam a22003377a 4500 | ||
|---|---|---|---|
| 001 | 000037627 | ||
| 003 | CHAP | ||
| 005 | 20220817042152.0 | ||
| 008 | 971013s1927 r 00010 d | ||
| 010 | _a36571 | ||
| 011 | _a37543 | ||
| 035 | _a41663 | ||
| 040 | _cCHAP | ||
| 090 | _aFolleto 732 | ||
| 110 |
_aMéxico. Dirección General de Agricultura y Ganadería _976954 |
||
| 245 | 1 | 0 | _aReglas generales para elegir las variedades y patrones o bancos de árboles frutales destinados a una huerta. |
| 260 |
_aSan Jacinto : _bLa Dirección, _c1927. |
||
| 300 | _a12 p. | ||
| 490 |
_aSugestiones oportunas _v; 17 |
||
| 500 | _aArtículos traducidos del "Pacific Rural Press" de San Francisco, Cal., vol. 63, Núm. 4" | ||
| 590 |
_aBATCH-UPD _b10 _c20130110 _lUCH01 _h1128 |
||
| 590 |
_aCONVERSION _b10 _c20130109 _lUCH01 _h1320 |
||
| 590 |
_aE11695DGD _b10 _c20141121 _lUCH01 _h1144 |
||
| 650 | 1 | 4 | _aArboles frutales. |
| 650 | 1 | 4 |
_aFruticultura. _943684 |
| 830 | 0 |
_aSugestiones oportunas _v; 17 _9110598 |
|
| 901 | _aBK | ||
| 942 | _cFOLL | ||
| 942 | _n0 | ||
| 949 |
_aFolleto 732 _bBC _cFOLL _d-95646 _eTS1 _i41663 _si |
||
| 999 |
_c36571 _d36571 |
||